000 00308nam a22001457a 4500
008 230327b ||||| |||| 00| 0 eng d
020 _a546644
041 _aeng
080 _a159.9
082 _a159.9EIN
100 _a25
101 _aPSI
245 _aIDEAS AND OPINIONS
_cEINSTEIN A
942 _2udc
_cBK
999 _c59456
_d59456